| 000 | 01396cam a2200289 i 4500 | ||
|---|---|---|---|
| 003 | SA-RiAUC | ||
| 005 | 20250812041818.0 | ||
| 008 | 250811s1989 ua g b 000r0 ara c | ||
| 040 |
_aSA-JeALM _bara _cSA-RiAUC _erda |
||
| 043 | _aa-sy--- | ||
| 082 | 0 | 4 | _a258.3 |
| 090 |
_a258.3 _bت ق ي |
||
| 100 | 1 |
_aتقي الدين السبكي، علي بن عبد الكافي بن علي، _d683-756 هجري _eمؤلف. |
|
| 245 | 1 | 0 |
_aقضاء الأرب في أسئلة حلب / _cتقي الدين السبكي الكبير ؛ إعداد وتحقيق محمد عالم عبد المجيد الأفغاني. اشراف حسن احمد مرعي |
| 264 | 1 |
_aمكة المكرمة : _bالمكتبة التجارية، _c1988. |
|
| 300 |
_a606 صفحة ؛ _c24 سم |
||
| 336 |
_aنص _btxt _2rdacontent _3كتاب |
||
| 337 |
_aبدون وسيط _bn _2rdamedia |
||
| 338 |
_aمجلد _bnc _2rdacarrier |
||
| 500 | _aاهداء من المحقق الطالب محمد عالم عبد المجيد الافغاني الى الشيخ رحمه الله بتاريخ 22 / 12 / 1413 هـ | ||
| 504 | _aببليوجرافية : صفحة 579-602. | ||
| 650 | 7 |
_aالفقه الإسلامي _2aucsh |
|
| 700 | 1 |
_aالأفغاني، محمد عالم عبد المجيد _eمعد. |
|
| 700 |
_aمرعي، حسن احمد _eمشرف. |
||
| 942 |
_2ddc _cBOOK _n0 |
||
| 949 |
_aSA-JeALM _d250811 _uosman123 _n1 |
||
| 999 |
_c10742 _d10742 |
||